000 00613nam a2200205Ia 4500
003 GCL
008 140319s9999 xx 000 0 eng d
020 _a1882516028
040 _aGCL /
_cGCL
082 0 4 _a944.05092
_bC N
100 1 _aTULARD, JEAN
245 1 0 _aNAPOLEON /
_cTULARD, JEAN
700 1 _aCHEVALLIER, BERNARD
260 _aنيويورك :
_bLITHOGRAPH PUBLISHING COMPANY ،
_c1993
300 _a28 CM ؛
_c175 P
650 0 4 _aNAPOLEON 1, EMPORER OF THE FRANCE, 1769 - 1821
650 0 4 _aFRANCE - KINGS AND RULERS - BIOGRAPHY
650 0 4 _aHISTORY IN ART - PICTORIAL WORKS
942 _2ddc
_cBK
999 _c9345
_d9345